[Event "international"]
[Site "Aarhus"]
[Date "1996.??.??"]
[Round "4"]
[White "Anka, Emil"]
[Black "Nielsen, Uffe V"]
[Result "1-0"]
[WhiteElo "2405"]
[BlackElo "2380"]
[PlyCount "39"]
[EventDate "1996.??.??"]
[EventType "tourn"]
[EventRounds "9"]
[EventCountry "DEN"]
[EventCategory "4"]
[SourceTitle "EXT 1998"]
[Source "ChessBase"]
[SourceDate "1997.11.17"]

1. e4 e6 2. d4 d5 3. Nd2 dxe4 4. Nxe4 Nd7 5. Nf3 Ngf6 6. Nxf6+ Nxf6 7. Be3 Be7
8. c3 O-O 9. Bd3 b6 10. Qc2 Bb7 11. O-O-O Qc8 12. h4 c5 13. Ne5 cxd4 14. Bxd4
Rd8 15. Rhe1 Bxg2 16. Rg1 Qb7 17. f3 Rxd4 18. Qxg2 Bf8 19. cxd4 Nd5 20. Kb1 1-0

[Event "international"]
[Site "Aarhus"]
[Date "1996.??.??"]
[Round "2"]
[White "Anka, Emil"]
[Black "Pilgaard, Kim"]
[Result "1/2-1/2"]
[WhiteElo "2405"]
[BlackElo "2325"]
[PlyCount "107"]
[EventDate "1996.??.??"]
[EventType "tourn"]
[EventRounds "9"]
[EventCountry "DEN"]
[EventCategory "4"]
[SourceTitle "EXT 1998"]
[Source "ChessBase"]
[SourceDate "1997.11.17"]

1. e4 e5 2. Nf3 Nc6 3. Bb5 a6 4. Ba4 Nf6 5. O-O Be7 6. Re1 b5 7. Bb3 d6 8. c3
O-O 9. h3 Nb8 10. d4 Nbd7 11. Nbd2 Bb7 12. Bc2 Re8 13. Nf1 Bf8 14. Ng3 g6 15.
b3 Bg7 16. d5 Nb6 17. Rb1 c6 18. c4 cxd5 19. cxd5 Qc7 20. Be3 Rec8 21. Bd3 Nbd7
22. Qe2 Nb6 23. Rec1 Qd8 24. a4 Rxc1+ 25. Bxc1 bxa4 26. bxa4 Bc8 27. Qc2 Bd7
28. a5 Na4 29. Ba3 Bf8 30. Bb4 Rc8 31. Qe2 Rb8 32. Nd2 Bb5 33. Qe3 Nd7 34. Nc4
Nac5 35. Be2 Rb7 36. Bd2 Be7 37. Rf1 Qf8 38. Rc1 Bd8 39. Bg4 Bc7 40. Bb4 Bxc4
41. Rxc4 Qd8 42. Bxd7 Nxd7 43. Qc3 Kg7 44. Kh2 Nb8 45. Ne2 Qd7 46. f4 f6 47.
fxe5 dxe5 48. Nc1 Bd6 49. Nd3 Rc7 50. Rxc7 Qxc7 51. Qxc7+ Bxc7 52. Nc5 Kf7 53.
Ne6 Nc6 54. Nxc7 1/2-1/2

[Event "international"]
[Site "Aarhus"]
[Date "1996.??.??"]
[Round "7"]
[White "Anka, Emil"]
[Black "Boe, Mads"]
[Result "0-1"]
[WhiteElo "2405"]
[BlackElo "2355"]
[PlyCount "90"]
[EventDate "1996.??.??"]
[EventType "tourn"]
[EventRounds "9"]
[EventCountry "DEN"]
[EventCategory "4"]
[SourceTitle "EXT 1998"]
[Source "ChessBase"]
[SourceDate "1997.11.17"]

1. e4 c6 2. d4 d5 3. Nd2 dxe4 4. Nxe4 Bf5 5. Ng3 Bg6 6. h4 h6 7. Nf3 Nd7 8. h5
Bh7 9. Bd3 Bxd3 10. Qxd3 Ngf6 11. Bd2 e6 12. O-O-O Qc7 13. Qe2 O-O-O 14. Ne5
Nb6 15. Ba5 c5 16. Bxb6 axb6 17. dxc5 Bxc5 18. Nd3 Qc6 19. f3 Rd5 20. Ne4 Nxe4
21. fxe4 Rg5 22. Rh3 Rd8 23. g4 f6 24. Kb1 Be7 25. Rhh1 Qc4 26. b3 Qc3 27. Nb2
b5 28. Rxd8+ Kxd8 29. a4 bxa4 30. Nxa4 Qc6 31. Nb2 Ke8 32. Rd1 b5 33. c4 bxc4
34. Nxc4 Kf8 35. e5 Qb7 36. Kc2 f5 37. Rf1 Bc5 38. Nd2 Qa7 39. gxf5 Qa2+ 40.
Kd3 Qa6+ 41. Nc4 Qb7 42. fxe6+ Kg8 43. Nd2 Qb5+ 44. Nc4 Qxb3+ 45. Ke4 Rg2 0-1

[Event "international"]
[Site "Aarhus"]
[Date "1996.??.??"]
[Round "9"]
[White "Boe, Mads"]
[Black "Rodgaard, John"]
[Result "1/2-1/2"]
[WhiteElo "2355"]
[BlackElo "2375"]
[PlyCount "31"]
[EventDate "1996.??.??"]
[EventType "tourn"]
[EventRounds "9"]
[EventCountry "DEN"]
[EventCategory "4"]
[SourceTitle "EXT 1998"]
[Source "ChessBase"]
[SourceDate "1997.11.17"]

1. d4 e6 2. e4 d5 3. exd5 exd5 4. Bd3 Nc6 5. c3 Bd6 6. Nf3 Nge7 7. O-O Bg4 8.
Re1 Qd7 9. Nbd2 O-O 10. Nf1 Rfe8 11. Bg5 f6 12. Bh4 Bf5 13. Bg3 Bxd3 14. Qxd3
Nf5 15. Bxd6 Nxd6 16. Ne3 1/2-1/2

[Event "international"]
[Site "Aarhus"]
[Date "1996.??.??"]
[Round "6"]
[White "Boe, Mads"]
[Black "Hoiberg, Nina"]
[Result "1-0"]
[WhiteElo "2355"]
[BlackElo "2290"]
[PlyCount "83"]
[EventDate "1996.??.??"]
[EventType "tourn"]
[EventRounds "9"]
[EventCountry "DEN"]
[EventCategory "4"]
[SourceTitle "EXT 1998"]
[Source "ChessBase"]
[SourceDate "1997.11.17"]

1. d4 Nf6 2. c3 d6 3. Bg5 Nbd7 4. Nd2 h6 5. Bh4 g5 6. Bg3 Nh5 7. e3 Nxg3 8.
hxg3 Bg7 9. Bd3 e5 10. Ngf3 Qe7 11. Qc2 d5 12. dxe5 Nxe5 13. Nxe5 Bxe5 14.
O-O-O Be6 15. Nf3 Bg7 16. Qa4+ c6 17. Nd4 Qc5 18. Bf5 b5 19. Qc2 Bxf5 20. Nxf5
Bf8 21. e4 O-O-O 22. Rd2 Qc4 23. exd5 Qxa2 24. d6 Qa1+ 25. Qb1 Qxb1+ 26. Kxb1
Rg8 27. c4 bxc4 28. Rc1 Rg6 29. Rxc4 Kd7 30. Ra4 Bxd6 31. Rxa7+ Ke8 32. g4 Kf8
33. Kc2 Re6 34. f3 Be7 35. Rxd8+ Bxd8 36. Ra8 Re8 37. Nd6 Re6 38. Nb7 Re2+ 39.
Kc3 Rxg2 40. Nxd8 Ke7 41. Nxc6+ Kd6 42. Nd4 1-0

[Event "international"]
[Site "Aarhus"]
[Date "1996.??.??"]
[Round "4"]
[White "Boe, Mads"]
[Black "Johansen, Morten"]
[Result "1-0"]
[WhiteElo "2355"]
[BlackElo "2195"]
[PlyCount "91"]
[EventDate "1996.??.??"]
[EventType "tourn"]
[EventRounds "9"]
[EventCountry "DEN"]
[EventCategory "4"]
[SourceTitle "EXT 1998"]
[Source "ChessBase"]
[SourceDate "1997.11.17"]

1. e4 d5 2. exd5 Qxd5 3. Nc3 Qa5 4. Bc4 Nf6 5. d4 Bg4 6. Nge2 Nc6 7. f3 Be6 8.
Bxe6 fxe6 9. Be3 O-O-O 10. Qc1 e5 11. dxe5 Qxe5 12. O-O e6 13. Bf4 Bc5+ 14. Kh1
Qf5 15. Ng3 Qg6 16. Nge4 Bd6 17. Nxd6+ cxd6 18. Qd2 e5 19. Bg5 h6 20. Bh4 Rd7
21. Rfd1 Qf5 22. Bxf6 gxf6 23. Nd5 h5 24. Qd3 Qg5 25. Qd2 Qf5 26. c3 h4 27. Qd3
Qg5 28. Qe3 Qf5 29. Qe4 Qg5 30. Qg4 h3 31. g3 Rh6 32. Qe4 f5 33. Qe3 f4 34. Qd2
Rg7 35. Rg1 Rhg6 36. Qe2 Qd8 37. g4 Ne7 38. Nxe7+ Rxe7 39. Rad1 Qb6 40. c4 Rc7
41. b3 Rc5 42. Qe4 Rg5 43. Rd2 Qc6 44. Qh7 a6 45. Qe7 Rg6 46. Qf8+ 1-0

[Event "international"]
[Site "Aarhus"]
[Date "1996.??.??"]
[Round "5"]
[White "Hoiberg, Nina"]
[Black "Anka, Emil"]
[Result "0-1"]
[WhiteElo "2290"]
[BlackElo "2405"]
[PlyCount "68"]
[EventDate "1996.??.??"]
[EventType "tourn"]
[EventRounds "9"]
[EventCountry "DEN"]
[EventCategory "4"]
[SourceTitle "EXT 1998"]
[Source "ChessBase"]
[SourceDate "1997.11.17"]

1. e4 c5 2. Nf3 Nc6 3. d4 cxd4 4. Nxd4 Nf6 5. Nc3 d6 6. Be2 e6 7. O-O Be7 8.
Be3 a6 9. a4 O-O 10. Kh1 Qc7 11. f4 Re8 12. Bf3 Bd7 13. Qe1 Nxd4 14. Bxd4 e5
15. Be3 Bc6 16. Qf2 b5 17. a5 b4 18. Nd5 Bxd5 19. exd5 e4 20. Bb6 Qc8 21. Bd1
Nxd5 22. Qd4 Qc6 23. c3 Bf6 24. Ba4 Qb7 25. Qc4 Rac8 26. Qb3 Re7 27. cxb4 e3
28. Rae1 e2 29. Rf3 Nxb6 30. axb6 Rc1 31. Rxc1 e1=Q+ 32. Rf1 Qee4 33. Bc6 Qexc6
34. Rxc6 Qxc6 0-1

[Event "international"]
[Site "Aarhus"]
[Date "1996.??.??"]
[Round "7"]
[White "Hoiberg, Nina"]
[Black "Rodgaard, John"]
[Result "1-0"]
[WhiteElo "2290"]
[BlackElo "2375"]
[PlyCount "83"]
[EventDate "1996.??.??"]
[EventType "tourn"]
[EventRounds "9"]
[EventCountry "DEN"]
[EventCategory "4"]
[SourceTitle "EXT 1998"]
[Source "ChessBase"]
[SourceDate "1997.11.17"]

1. e4 e6 2. d4 d5 3. Nc3 Bb4 4. exd5 exd5 5. Bd3 Nc6 6. a3 Bxc3+ 7. bxc3 Qe7+
8. Ne2 Bg4 9. O-O Qd7 10. Rb1 O-O-O 11. Bf4 Nge7 12. Rb5 Ng6 13. Bg3 a6 14. Rc5
Nf8 15. c4 dxc4 16. Rxc4 Bf5 17. Rxc6 Qxc6 18. Bxf5+ Kb8 19. Qd3 Nd7 20. Rb1
Nb6 21. Be4 Qe6 22. c4 Rhe8 23. Bf3 Kc8 24. h3 Qxc4 25. Qxc4 Nxc4 26. Rxb7 Nd6
27. Ra7 Kd7 28. Rxa6 Re6 29. Bg4 f5 30. d5 Ree8 31. Bf3 Ra8 32. Rc6 Rxa3 33.
Nd4 Ra1+ 34. Kh2 g6 35. Ne6 Ra7 36. Nc5+ Ke7 37. Bh4+ Kf7 38. Ne6 Nb5 39. Be2
Nd6 40. Bf3 Nb5 41. Bg3 Rc8 42. Rc5 1-0

[Event "international"]
[Site "Aarhus"]
[Date "1996.??.??"]
[Round "9"]
[White "Hoiberg, Nina"]
[Black "Jasnikowski, Zbigniew"]
[Result "1-0"]
[WhiteElo "2290"]
[BlackElo "2435"]
[PlyCount "70"]
[EventDate "1996.??.??"]
[EventType "tourn"]
[EventRounds "9"]
[EventCountry "DEN"]
[EventCategory "4"]
[SourceTitle "EXT 1998"]
[Source "ChessBase"]
[SourceDate "1997.11.17"]

1. e4 c5 2. Nf3 e6 3. d4 cxd4 4. Nxd4 Nf6 5. Nc3 d6 6. Be2 Be7 7. O-O O-O 8. f4
Nc6 9. Kh1 Bd7 10. Bf3 a6 11. a4 Qc7 12. Be3 Rfe8 13. Nb3 b6 14. e5 dxe5 15.
fxe5 Qxe5 16. Bf4 Qxf4 17. Bxc6 Qxf1+ 18. Qxf1 Bxc6 19. Qf2 Rab8 20. a5 b5 21.
Nc5 Ra8 22. Rf1 e5 23. Nd3 Bd6 24. Qb6 Rec8 25. Qe3 b4 26. Ne2 Nd5 27. Qf2 Rf8
28. Ng3 f5 29. Nxf5 e4 30. Qd4 Rf7 31. Ne5 Bxe5 32. Qxe5 Raf8 33. Qe6 e3 34.
Qxc6 e2 35. Re1 Rxf5 1-0

[Event "international"]
[Site "Aarhus"]
[Date "1996.??.??"]
[Round "2"]
[White "Hoiberg, Nina"]
[Black "Johansen, Morten"]
[Result "1/2-1/2"]
[WhiteElo "2290"]
[BlackElo "2195"]
[PlyCount "110"]
[EventDate "1996.??.??"]
[EventType "tourn"]
[EventRounds "9"]
[EventCountry "DEN"]
[EventCategory "4"]
[SourceTitle "EXT 1998"]
[Source "ChessBase"]
[SourceDate "1997.11.17"]

1. e4 d5 2. Nc3 d4 3. Nce2 e5 4. Ng3 Be6 5. Be2 Nc6 6. a3 g6 7. d3 h5 8. f4
exf4 9. Bxf4 Bh6 10. Bxh6 Nxh6 11. Nf3 Ng4 12. Nf1 Qf6 13. h3 Nge5 14. Qd2
Nxf3+ 15. Bxf3 Ne5 16. Qf2 O-O-O 17. Nd2 g5 18. Be2 Qe7 19. Nf3 Nxf3+ 20. gxf3
Qc5 21. c4 f5 22. b4 Qe5 23. Qh2 f4 24. Rc1 g4 25. Kd2 gxf3 26. Bxf3 Rdg8 27.
Qe2 Rg3 28. Rcg1 Rhg8 29. Rxg3 fxg3 30. Bg2 Qf4+ 31. Kc2 Qf2 32. Kd2 Qf4+ 33.
Kc2 Qe5 34. Rf1 a5 35. Qd2 b5 36. Qf4 Qxf4 37. Rxf4 axb4 38. axb4 bxc4 39. dxc4
Bxc4 40. e5 c6 41. Rxd4 Bd5 42. Rd2 Bxg2 43. Rxg2 h4 44. Kd3 Kd7 45. Ke4 Ke6
46. Kf4 Rb8 47. Rb2 Rb5 48. Rc2 Rxb4+ 49. Kf3 Kxe5 50. Rxc6 Rb3+ 51. Kg2 Rb2+
52. Kg1 Rh2 53. Rc4 Rxh3 54. Rc2 Ke4 55. Ra2 Kf4 1/2-1/2

[Event "international"]
[Site "Aarhus"]
[Date "1996.??.??"]
[Round "5"]
[White "Jasnikowski, Zbigniew"]
[Black "Ziska, Bogi"]
[Result "1-0"]
[WhiteElo "2435"]
[BlackElo "2240"]
[PlyCount "67"]
[EventDate "1996.??.??"]
[EventType "tourn"]
[EventRounds "9"]
[EventCountry "DEN"]
[EventCategory "4"]
[SourceTitle "EXT 1998"]
[Source "ChessBase"]
[SourceDate "1997.11.17"]

1. d4 Nf6 2. c4 g6 3. Nf3 Bg7 4. g3 O-O 5. Bg2 d6 6. Nc3 Nbd7 7. O-O e5 8. e3
Re8 9. a4 exd4 10. exd4 a5 11. Bf4 Nf8 12. h3 Ne6 13. Be3 c6 14. Qb3 Nd7 15.
Rad1 h6 16. Rfe1 Nc7 17. Bf4 Rxe1+ 18. Rxe1 Nf6 19. d5 c5 20. g4 Bf8 21. Qd1
Bg7 22. Qd2 h5 23. gxh5 Nxh5 24. Bg5 Bf6 25. Ne4 Bxg5 26. Nfxg5 Ne8 27. Nxf7
Kxf7 28. Qh6 Neg7 29. Ng5+ Kf6 30. Be4 Bf5 31. Nh7+ Kf7 32. Bxf5 Nf4 33. Bc2 g5
34. Kh2 1-0

[Event "international"]
[Site "Aarhus"]
[Date "1996.??.??"]
[Round "6"]
[White "Jasnikowski, Zbigniew"]
[Black "Pilgaard, Kim"]
[Result "1/2-1/2"]
[WhiteElo "2435"]
[BlackElo "2325"]
[PlyCount "35"]
[EventDate "1996.??.??"]
[EventType "tourn"]
[EventRounds "9"]
[EventCountry "DEN"]
[EventCategory "4"]
[SourceTitle "EXT 1998"]
[Source "ChessBase"]
[SourceDate "1997.11.17"]

1. d4 Nf6 2. c4 e6 3. Nf3 b6 4. g3 Ba6 5. Nbd2 Bb7 6. Bg2 c5 7. dxc5 Bxc5 8.
O-O O-O 9. b3 d5 10. Bb2 Qe7 11. a3 a5 12. cxd5 Bxd5 13. Qb1 h6 14. Bxf6 Qxf6
15. Ne4 Bxe4 16. Qxe4 Nd7 17. Rad1 Qe7 18. Ne5 1/2-1/2

[Event "international"]
[Site "Aarhus"]
[Date "1996.??.??"]
[Round "8"]
[White "Jasnikowski, Zbigniew"]
[Black "Nielsen, Uffe V"]
[Result "1/2-1/2"]
[WhiteElo "2435"]
[BlackElo "2380"]
[PlyCount "37"]
[EventDate "1996.??.??"]
[EventType "tourn"]
[EventRounds "9"]
[EventCountry "DEN"]
[EventCategory "4"]
[SourceTitle "EXT 1998"]
[Source "ChessBase"]
[SourceDate "1997.11.17"]

1. d4 Nf6 2. c4 c5 3. d5 b5 4. Nf3 g6 5. cxb5 a6 6. e3 axb5 7. Bxb5 Qa5+ 8. Nc3
Ba6 9. Bxa6 Qxa6 10. Qe2 Bg7 11. e4 d6 12. Nb5 O-O 13. a4 Nbd7 14. Bd2 Rfb8 15.
O-O Ne8 16. Bc3 Nc7 17. Bxg7 Nxb5 18. Bh6 Nc7 19. Qc2 1/2-1/2

[Event "international"]
[Site "Aarhus"]
[Date "1996.??.??"]
[Round "3"]
[White "Jasnikowski, Zbigniew"]
[Black "Rodgaard, John"]
[Result "1-0"]
[WhiteElo "2435"]
[BlackElo "2375"]
[PlyCount "73"]
[EventDate "1996.??.??"]
[EventType "tourn"]
[EventRounds "9"]
[EventCountry "DEN"]
[EventCategory "4"]
[SourceTitle "EXT 1998"]
[Source "ChessBase"]
[SourceDate "1997.11.17"]

1. d4 d5 2. c4 c6 3. Nf3 Nf6 4. Nc3 e6 5. Bg5 h6 6. Bxf6 Qxf6 7. Qb3 Nd7 8. e4
dxe4 9. Nxe4 Qf5 10. Bd3 Qa5+ 11. Nc3 Bb4 12. O-O Bxc3 13. bxc3 O-O 14. Rfe1
Qc7 15. Rad1 b6 16. Bb1 Rd8 17. Qc2 Nf8 18. Ne5 Bb7 19. f4 Rd6 20. Rf1 c5 21.
f5 f6 22. fxe6 Rxe6 23. Ng6 Be4 24. Nxf8 Bxc2 25. Nxe6 Qe7 26. Bxc2 Qxe6 27.
Rfe1 Qd7 28. d5 Kf7 29. Re6 Rd8 30. Bf5 Qa4 31. Rde1 g6 32. Re7+ Kf8 33. Bxg6
Qxc4 34. Rf7+ Kg8 35. Ree7 Qxd5 36. Rg7+ Kf8 37. Ref7+ 1-0

[Event "international"]
[Site "Aarhus"]
[Date "1996.??.??"]
[Round "3"]
[White "Johansen, Morten"]
[Black "Anka, Emil"]
[Result "0-1"]
[WhiteElo "2195"]
[BlackElo "2405"]
[PlyCount "68"]
[EventDate "1996.??.??"]
[EventType "tourn"]
[EventRounds "9"]
[EventCountry "DEN"]
[EventCategory "4"]
[SourceTitle "EXT 1998"]
[Source "ChessBase"]
[SourceDate "1997.11.17"]

1. d4 Nf6 2. Nf3 e6 3. Bg5 c5 4. e3 cxd4 5. exd4 b6 6. Bd3 Bb7 7. Nbd2 Be7 8.
O-O O-O 9. Qe2 d6 10. c3 a6 11. Rfe1 Nbd7 12. a4 Re8 13. Nc4 Qc7 14. Ne3 Bf8
15. Nd2 Qc6 16. d5 exd5 17. Bxf6 Nxf6 18. Nb3 g6 19. Nd4 Qd7 20. Qf3 Bg7 21.
Qf4 Re5 22. Nf3 Re7 23. Qb4 Qc7 24. Nd4 Rae8 25. Red1 Qc5 26. Qb3 Rxe3 27. fxe3
Ng4 28. Qa3 Bh6 29. Be2 Bxe3+ 30. Kf1 Nxh2+ 31. Ke1 Qc7 32. Nc2 Qe7 33. Nxe3
Qxe3 34. Rd2 Qg1# 0-1

[Event "international"]
[Site "Aarhus"]
[Date "1996.??.??"]
[Round "1"]
[White "Johansen, Morten"]
[Black "Nielsen, Uffe V"]
[Result "0-1"]
[WhiteElo "2195"]
[BlackElo "2380"]
[PlyCount "118"]
[EventDate "1996.??.??"]
[EventType "tourn"]
[EventRounds "9"]
[EventCountry "DEN"]
[EventCategory "4"]
[SourceTitle "EXT 1998"]
[Source "ChessBase"]
[SourceDate "1997.11.17"]

1. d4 Nf6 2. c4 e6 3. Nc3 Bb4 4. Bg5 c5 5. d5 d6 6. e3 Bxc3+ 7. bxc3 Qe7 8. Bd3
Nbd7 9. Ne2 Ne5 10. Ng3 h6 11. Bxf6 Qxf6 12. O-O O-O 13. f4 Nxd3 14. Qxd3 Re8
15. Rf2 exd5 16. cxd5 c4 17. Qd2 Bf5 18. Re1 Be4 19. f5 Re5 20. Rf4 Rae8 21.
Qd4 Bxd5 22. Rg4 g5 23. h4 Qd8 24. Rd1 f6 25. hxg5 hxg5 26. Qxa7 Qa8 27. Qd4
Qxa2 28. e4 Bf7 29. Qxd6 Qa6 30. Qxa6 bxa6 31. Rd6 Kg7 32. Rxa6 Rd8 33. Ra7 Kf8
34. Ra6 Ke7 35. Ra7+ Kf8 36. Ra6 Ke7 37. Ra7+ Rd7 38. Rxd7+ Kxd7 39. Kf2 Ra5
40. Ke3 Kd6 41. Nf1 Ra1 42. Nd2 Bh5 43. Rg3 Re1+ 44. Kd4 Rd1 45. Ke3 Kc5 46.
Nf3 Rd3+ 47. Kf2 Rxc3 48. Nxg5 Rc2+ 49. Ke3 fxg5 50. Rxg5 Re2+ 51. Kf4 Bf7 52.
Rg7 Be8 53. g4 c3 54. Ra7 c2 55. Ra1 Kd4 56. e5 Rxe5 57. Kg5 Rb5 58. Rc1 Kd3
59. Kf6 Bd7 0-1

[Event "international"]
[Site "Aarhus"]
[Date "1996.??.??"]
[Round "9"]
[White "Johansen, Morten"]
[Black "Ziska, Bogi"]
[Result "1-0"]
[WhiteElo "2195"]
[BlackElo "2240"]
[PlyCount "83"]
[EventDate "1996.??.??"]
[EventType "tourn"]
[EventRounds "9"]
[EventCountry "DEN"]
[EventCategory "4"]
[SourceTitle "EXT 1998"]
[Source "ChessBase"]
[SourceDate "1997.11.17"]

1. d4 g6 2. c4 Bg7 3. e4 d6 4. Nc3 Nd7 5. g4 e5 6. d5 Bh6 7. h4 Bxc1 8. Qxc1 a5
9. Qd2 Nc5 10. f3 Bd7 11. Nge2 h6 12. Ng3 f6 13. O-O-O g5 14. Be2 Na4 15. Rh2
Nxc3 16. Qxc3 Qe7 17. Qb3 b6 18. Rdh1 Kf8 19. Qe3 Rh7 20. Bd3 Rg7 21. b3 Qf7
22. a3 Qg6 23. h5 Qe8 24. Ra2 Ne7 25. Kd2 Kf7 26. Rha1 Qb8 27. Ne2 Rg8 28. Nc3
Qb7 29. b4 axb4 30. axb4 Rxa2+ 31. Rxa2 c5 32. dxc6 Bxc6 33. Nd5 Rb8 34. b5 Bd7
35. Bc2 Be6 36. Ra6 Nc8 37. Qa3 Bd7 38. Ke1 Kg7 39. Kf1 Kf7 40. Kg2 Kg7 41. Bb3
Kf8 42. Rxb6 1-0

[Event "international"]
[Site "Aarhus"]
[Date "1996.??.??"]
[Round "5"]
[White "Johansen, Morten"]
[Black "Rodgaard, John"]
[Result "1/2-1/2"]
[WhiteElo "2195"]
[BlackElo "2375"]
[PlyCount "109"]
[EventDate "1996.??.??"]
[EventType "tourn"]
[EventRounds "9"]
[EventCountry "DEN"]
[EventCategory "4"]
[SourceTitle "EXT 1998"]
[Source "ChessBase"]
[SourceDate "1997.11.17"]

1. d4 d5 2. c4 c6 3. Nf3 Nf6 4. Nc3 e6 5. Bg5 h6 6. Bxf6 Qxf6 7. a3 Nd7 8. e4
dxe4 9. Nxe4 Qf4 10. Qd3 Be7 11. g3 Qc7 12. Bh3 O-O 13. O-O Rd8 14. Qe2 b6 15.
Rfe1 Bb7 16. Nc3 Bf8 17. Rad1 a6 18. b4 a5 19. c5 Ba6 20. Qc2 Bc4 21. Nd2 Bd5
22. Nxd5 exd5 23. Bxd7 Rxd7 24. Nf3 b5 25. h4 Re7 26. Kg2 axb4 27. axb4 Rxe1
28. Rxe1 Be7 29. Qf5 Bf8 30. h5 Rd8 31. g4 Be7 32. Qe5 Rd7 33. Ra1 Qb7 34. g5
hxg5 35. Nxg5 Rd8 36. Re1 Bxg5 37. Qxg5 f6 38. Qg6 Qf7 39. f4 Ra8 40. f5 Kf8
41. Re6 Qc7 42. Qg3 Qxg3+ 43. Kxg3 Ra4 44. Rxc6 Rxb4 45. Rc8+ Ke7 46. Rc7+ Kf8
47. Rb7 Rc4 48. Rxb5 Kg8 49. c6 Rxc6 50. Rxd5 Rc1 51. Rd8+ Kf7 52. d5 Ke7 53.
Rg8 Kd6 54. Kf4 Rc4+ 55. Kg3 1/2-1/2

[Event "international"]
[Site "Aarhus"]
[Date "1996.??.??"]
[Round "7"]
[White "Nielsen, Uffe V"]
[Black "Pedersen, Nicolai Vesterbaek"]
[Result "1/2-1/2"]
[WhiteElo "2380"]
[BlackElo "2290"]
[PlyCount "94"]
[EventDate "1996.??.??"]
[EventType "tourn"]
[EventRounds "9"]
[EventCountry "DEN"]
[EventCategory "4"]
[SourceTitle "EXT 1998"]
[Source "ChessBase"]
[SourceDate "1997.11.17"]

1. e4 e5 2. Nf3 Nc6 3. Bc4 Nf6 4. d3 Be7 5. O-O O-O 6. Re1 d6 7. a4 h6 8. c3
Nh7 9. a5 a6 10. Qb3 Ng5 11. Nbd2 Rb8 12. Bd5 Bg4 13. Nxg5 Bxg5 14. Bxc6 bxc6
15. Qc2 c5 16. Rb1 Be6 17. Nc4 Rb5 18. Qa4 f5 19. exf5 Bxf5 20. Bxg5 Qxg5 21.
Re3 Rfb8 22. b3 Be6 23. Nd2 Qg6 24. c4 R5b7 25. Qc6 Bf5 26. Rg3 Qe8 27. Qf3 Qf7
28. Re1 Ra7 29. h3 Rf8 30. Qe3 Rb7 31. Rf1 Qe6 32. Qf3 Rbb8 33. Qc6 Qd7 34.
Qxd7 Bxd7 35. Re3 Bc6 36. g3 Rf7 37. h4 Rbf8 38. f3 Rf5 39. Kf2 Kf7 40. Ke2 g6
41. Rb1 Rb8 42. Ne4 Ke6 43. Nc3 Kd7 44. Ne4 Rf7 45. Nd2 Rf5 46. Ne4 Rf7 47. Nd2
Rf5 1/2-1/2

[Event "international"]
[Site "Aarhus"]
[Date "1996.??.??"]
[Round "9"]
[White "Nielsen, Uffe V"]
[Black "Pilgaard, Kim"]
[Result "1-0"]
[WhiteElo "2380"]
[BlackElo "2325"]
[PlyCount "124"]
[EventDate "1996.??.??"]
[EventType "tourn"]
[EventRounds "9"]
[EventCountry "DEN"]
[EventCategory "4"]
[SourceTitle "EXT 1998"]
[Source "ChessBase"]
[SourceDate "1997.11.17"]

1. e4 e5 2. Nf3 Nc6 3. Bc4 Bc5 4. c3 Nf6 5. d3 d6 6. Bb3 h6 7. O-O O-O 8. Re1
a6 9. Nbd2 Nh5 10. d4 Ba7 11. d5 Nb8 12. Nxe5 Bxf2+ 13. Kxf2 Qh4+ 14. Kg1 dxe5
15. Nf3 Qe7 16. Be3 Nf6 17. Bf2 Bg4 18. Qd3 Nbd7 19. Bd1 Bxf3 20. Bxf3 Rfd8 21.
b4 a5 22. a3 b6 23. Rab1 axb4 24. axb4 Ra3 25. Qc2 Nh7 26. g3 Qg5 27. Ra1 Rda8
28. Rxa3 Rxa3 29. Qb2 Ra8 30. c4 Qf6 31. Bg4 Qd6 32. Qc3 Ndf6 33. c5 Qd8 34.
Bf5 g6 35. Bh3 Ng5 36. Bg2 Ng4 37. Rf1 Nxf2 38. Rxf2 bxc5 39. bxc5 Qe7 40. h4
Nh7 41. Rd2 Rd8 42. Rb2 Re8 43. Rb7 Qd7 44. d6 Rc8 45. Qa5 Nf6 46. Rxc7 Qg4 47.
Rxc8+ Qxc8 48. Qc3 Qb8 49. Qxe5 Nd7 50. Qc3 Qa7 51. Qd4 Qxc5 52. Qxc5 Nxc5 53.
Kf2 f6 54. Ke3 Ne6 55. Bh3 Kf7 56. Kd3 Nd8 57. Kd4 Ke8 58. Kc5 Nf7 59. Kd5 Nd8
60. Bf1 Kf7 61. Bc4 Kf8 62. Kc5 Ke8 1-0

[Event "international"]
[Site "Aarhus"]
[Date "1996.??.??"]
[Round "3"]
[White "Nielsen, Uffe V"]
[Black "Hoiberg, Nina"]
[Result "1/2-1/2"]
[WhiteElo "2380"]
[BlackElo "2290"]
[PlyCount "45"]
[EventDate "1996.??.??"]
[EventType "tourn"]
[EventRounds "9"]
[EventCountry "DEN"]
[EventCategory "4"]
[SourceTitle "EXT 1998"]
[Source "ChessBase"]
[SourceDate "1997.11.17"]

1. Nf3 d6 2. d4 Bg4 3. e4 Nd7 4. Bd3 e5 5. c3 Bxf3 6. Qxf3 Qf6 7. Qg3 exd4 8.
Bg5 Qe5 9. Bf4 Qa5 10. O-O dxc3 11. Nxc3 Ngf6 12. Nb5 Nh5 13. Qg5 Nxf4 14.
Nxd6+ Bxd6 15. Qxa5 Nxd3 16. Rad1 N3e5 17. f4 Nc6 18. Qc3 f6 19. Qg3 g6 20. e5
fxe5 21. fxe5 Ncxe5 22. Qh4 Be7 23. Qe4 1/2-1/2

[Event "international"]
[Site "Aarhus"]
[Date "1996.??.??"]
[Round "5"]
[White "Nielsen, Uffe V"]
[Black "Boe, Mads"]
[Result "1/2-1/2"]
[WhiteElo "2380"]
[BlackElo "2355"]
[PlyCount "22"]
[EventDate "1996.??.??"]
[EventType "tourn"]
[EventRounds "9"]
[EventCountry "DEN"]
[EventCategory "4"]
[SourceTitle "EXT 1998"]
[Source "ChessBase"]
[SourceDate "1997.11.17"]

1. e4 e5 2. Nf3 d6 3. d4 Nf6 4. Nc3 Nbd7 5. Bc4 Be7 6. O-O O-O 7. Re1 c6 8. a4
Qc7 9. h3 b6 10. Be3 Bb7 11. Nd2 a6 1/2-1/2

[Event "international"]
[Site "Aarhus"]
[Date "1996.??.??"]
[Round "3"]
[White "Pedersen, Nicolai Vesterbaek"]
[Black "Ziska, Bogi"]
[Result "1/2-1/2"]
[WhiteElo "2290"]
[BlackElo "2240"]
[PlyCount "32"]
[EventDate "1996.??.??"]
[EventType "tourn"]
[EventRounds "9"]
[EventCountry "DEN"]
[EventCategory "4"]
[SourceTitle "EXT 1998"]
[Source "ChessBase"]
[SourceDate "1997.11.17"]

1. e4 c5 2. c3 d6 3. d4 Nf6 4. Bd3 g6 5. h3 Bg7 6. Nf3 O-O 7. O-O a6 8. dxc5
dxc5 9. e5 Nd5 10. Qe2 Qc7 11. a3 Nc6 12. c4 Nb6 13. Bf4 Be6 14. Nc3 Nd4 15.
Nxd4 cxd4 16. Ne4 Bxe5 1/2-1/2

[Event "international"]
[Site "Aarhus"]
[Date "1996.??.??"]
[Round "1"]
[White "Pedersen, Nicolai Vesterbaek"]
[Black "Boe, Mads"]
[Result "1/2-1/2"]
[WhiteElo "2290"]
[BlackElo "2355"]
[PlyCount "27"]
[EventDate "1996.??.??"]
[EventType "tourn"]
[EventRounds "9"]
[EventCountry "DEN"]
[EventCategory "4"]
[SourceTitle "EXT 1998"]
[Source "ChessBase"]
[SourceDate "1997.11.17"]

1. e4 c6 2. d4 d5 3. Nd2 dxe4 4. Nxe4 Bf5 5. Ng3 Bg6 6. h4 h6 7. Nf3 Nd7 8. h5
Bh7 9. Bd3 Bxd3 10. Qxd3 Ngf6 11. Bf4 e6 12. O-O-O Be7 13. Ne5 a5 14. c4
1/2-1/2